| Tag |
First Indicator |
Second Indicator |
Subfields |
| LEADER |
00000uam a2200000 a 4500 |
| 001 |
in00004138917 |
| 005 |
20260128203550.7 |
| 006 |
m o d |
| 007 |
cr cn |
| 008 |
150416s2016 xx o eng |
| 020 |
|
|
|z 9781292063591
|
| 035 |
|
|
|a (CaSebORM)9781292063591
|
| 040 |
|
|
|d UtOrBLW
|
| 041 |
0 |
|
|a eng
|
| 100 |
1 |
|
|a Cole, Rob,
|e author.
|0 http://id.loc.gov/authorities/names/n2006093417
|
| 245 |
1 |
0 |
|a Brilliant Agile Project Management /
|c Cole, Rob.
|
| 250 |
|
|
|a 1st edition.
|
| 264 |
|
1 |
|b Pearson Education Limited,
|c 2016.
|
| 300 |
|
|
|a 1 online resource (200 pages)
|
| 336 |
|
|
|a text
|b txt
|2 rdacontent
|
| 337 |
|
|
|a computer
|b c
|2 rdamedia
|
| 338 |
|
|
|a online resource
|b cr
|2 rdacarrier
|
| 347 |
|
|
|a text file
|
| 520 |
|
|
|a What is Agile Project Management and will it bring my project in on time and budget? If you need a solid understanding of how Agile Project Management works so your projects can fully benefit from using this innovative and powerful approach, this book is essential reading. Brilliant Agile Project Management does more than just talk you through the techniques and processes - focussing on real-life use of Agile in business environments, it provides practical advice and techniques on how to implement and work with Agile, so you always know exactly what to do and say to make your project a success. · Assess whether your organisation or project is right for using APM · Understand how to implement APM into any project · Overcome common problems with APM Get up to speed with Agile Project Management and get ahead - fast!
|
| 533 |
|
|
|a Electronic reproduction.
|b Boston, MA :
|c Safari,
|n Available via World Wide Web.
|d 2015.
|
| 538 |
|
|
|a Mode of access: World Wide Web.
|
| 542 |
|
|
|f Copyright © Pearson 2015
|g 2015
|
| 588 |
|
|
|a Online resource; Title from title page (viewed January 1, 2016)
|
| 500 |
|
|
|a Electronic resource.
|
| 655 |
|
7 |
|a Electronic books.
|2 local
|
| 700 |
1 |
|
|a Scotcher, Edward,
|e author.
|0 http://id.loc.gov/authorities/names/n2015056271
|
| 710 |
2 |
|
|a Safari, an O'Reilly Media Company.
|
| 856 |
4 |
0 |
|u https://proxy.library.tamu.edu/login?url=https://go.oreilly.com/TAMU/library/view/-/9781292063591/?ar
|z Connect to this electronic resource
|t 0
|
| 999 |
f |
f |
|s b17463fe-e841-367b-9943-3f86c23420f2
|i c0ee9f66-be2e-3928-862f-6833236f39fd
|t 0
|
| 952 |
f |
f |
|a Texas A&M University
|b College Station
|c Electronic Resources
|s www_evans
|d Available Online
|t 0
|h No information provided
|
| 998 |
f |
f |
|t 0
|l Available Online
|